State of India's democracy (Record no. 415220)

000 -LEADER
fixed length control field 00705cam a22002177a 4500
008 - FIXED-LENGTH DATA ELEMENTS--GENERAL INFORMATION
fixed length control field 180718b2009 xxu||||| |||| 00| 0 eng d
020 ## - INTERNATIONAL STANDARD BOOK NUMBER
International Standard Book Number 019569788X
082 ## - DEWEY DECIMAL CLASSIFICATION NUMBER
Classification number B253x54 G155
090 ## - LOCALLY ASSIGNED LC-TYPE CALL NUMBER (OCLC); LOCAL CALL NUMBER (RLIN)
Classification number (OCLC) (R) ; Classification number, CALL (RLIN) (NR) 2007018293
245 ## - TITLE STATEMENT
Title State of India's democracy
Statement of responsibility, etc. edited by Sumit Ganguly, Larry Diamond and Marc F. Plattner
260 ## - PUBLICATION, DISTRIBUTION, ETC.
Place of publication, distribution, etc. New Delhi
Name of publisher, distributor, etc. Oxford University Press
Date of publication, distribution, etc. 2009
300 ## - PHYSICAL DESCRIPTION
Extent 231p.
440 ## - SERIES STATEMENT/ADDED ENTRY--TITLE
Title A Journal of democracy book
500 ## - GENERAL NOTE
General note Includes bibliographical references and index
650 ## - SUBJECT ADDED ENTRY--TOPICAL TERM
Topical term or geographic name entry element India --Politics and government --1947-
650 ## - SUBJECT ADDED ENTRY--TOPICAL TERM
Topical term or geographic name entry element Civil society --India
650 ## - SUBJECT ADDED ENTRY--TOPICAL TERM
Topical term or geographic name entry element Democracy --India
700 ## - ADDED ENTRY--PERSONAL NAME
Personal name Plattner, Marc F.
700 ## - ADDED ENTRY--PERSONAL NAME
Personal name Diamond, Larry
700 ## - ADDED ENTRY--PERSONAL NAME
Personal name Ganguly, Sumit
Holdings
Withdrawn status Lost status Damaged status Not for loan Permanent Location Current Location Date acquired Full call number Barcode Date last seen Price effective from Koha item type
        Indian Institute of Public Administration Indian Institute of Public Administration 2009-03-05 B253x54 G155 82892 2018-07-21 2018-07-21 Book

Powered by Koha